000 00909nam a22002657a 4500
003 DO-SdBNP
005 20250227073850.0
007 ta
008 221024b1987 dr ||||| |||| 00| 0 spa d
040 _aDO-SdBNP
_bspa
_cBNPHU
082 4 _a306
_bC334h, 1987
_222
245 0 0 _aHombre y sociedad :
_bguía didáctica /
_ceditores José Alcántara Almánzar, Antonio Menéndez Alarcón
260 _aSanto Domingo :
_bINTEC,
_c1987.
300 _a190 p. ;
_c22 cm.
500 _aLa biblioteca posee dos ejemplares de la reimpresión del 1989
590 _aInventariado, 2022/BT
650 0 _aCambio social
_91661
650 0 _aSociología
_91061
650 4 _aSociología educativa
_953721
650 0 _aClases sociales
_91062
700 1 _aMenéndez Alarcón, Antonio,
_eed.
_942643
700 1 _aAlcántara Almánzar, José
_d1946-
_97018
910 _aValidado. Control de calidad. MFF
942 _2ddc
_cLBS1
999 _c52620
_d52620